00882nam a22003017a 4500003000400000005001700004008004100021020001800062040001400080082002100094100001900115245005300134260004100187300001100228650002700239650002800266650002700294650003300321650002900354650002500383650002500408650003200433650002500465650002100490650002400511650002100535650002400556OSt20260525111347.0260525b |||||||| |||| 00| 0 eng d a9788171788002 cIN-NITTTR a370.954bKUM/RAA aKumar, Krishna aRaaj Samaaj Aur Shikshacby krishna kumarhHindi aNew Delhi.bRajkamal Prakashanc2024 a152 p. aEducation and Society  aIndian Education System aEducational Sociology  a Social Change and Education a Educational Philosophy  aState and Education  aSociety and Culture  aPublic Policy in Education  aEducational Reforms  aSocial Sciences  aPolitical Sociology aCultural Studies a Social Development